| 000 | 01390nam a2200277 i 4500 | ||
|---|---|---|---|
| 001 | 000025291 | ||
| 003 | DO-SdBNP | ||
| 005 | 20250623123044.0 | ||
| 006 | a||||gr|||| 00| 0 | ||
| 007 | ta | ||
| 008 | 110214e2007 dr gr 001 0 spa d | ||
| 040 |
_aDO-SdBNP _bspa _cBNPHU _erda |
||
| 082 | 4 |
_222 _bS471i |
|
| 110 | 1 |
_aSeminario Internacional _d(1: _cSanto Domingo ) _951816 |
|
| 245 | 1 | 3 |
_aEl financiamiento de los partidos políticos /. _cPresentación, Marcos Villamán. |
| 264 | 1 |
_aSanto Domingo : _bCONARE, _c2007 |
|
| 300 |
_a141 páginas ; _c24 cm. |
||
| 336 |
_2rdacontent _atexto _btxt |
||
| 337 |
_2rdamedia _asin mediación _bn |
||
| 338 |
_2rdacarrier _avolumen _bnc |
||
| 505 |
_tDinero y Política en América Latina. / _rDr. Daniel Zovatto.-- _tSistema de Financiamiento de los Partidos Políticos: El caso peruano. / _rFernando Tuesta Soldevilla, Tatiana Mendieta Barrera.-- _tLa financiación de los Partidos Políticos en Francia y algunas naciones europeas. / _rAlain Delmas.-- _tLegislación vigente sobre el financiamiento partidario. / _rLic. Mario E. Núñez Valdez.-- _tEl financiamiento público y privado: Críticas y propuestas. / _rLic. José del Castillo. |
||
| 590 | _aInventariado 2024 / MF | ||
| 650 | 4 |
_977535 _aPartidos políticos _y _zRepública Dominicana |
|
| 710 | 2 |
_aConsejo Nacional de Reforma del Estado (República Dominicana) _910038 |
|
| 942 |
_2ddc _cLBS1 |
||
| 999 |
_c24784 _d24784 |
||